| 000 | 00755nam a2200217Ia 4500 | ||
|---|---|---|---|
| 003 | GCL | ||
| 008 | 140319s9999 xx 000 0 ara d | ||
| 040 |
_aGCL / _cGCL |
||
| 082 | 0 | 4 |
_a811.2 _bخ ن |
| 100 | 1 | _aالنابغة الجعدى ، ابوليلى قيس بن | |
| 245 | 1 | 0 |
_aالنابغة الجعدى حياته وشعره / _cالنابغة الجعدى ، ابوليلى قيس بن |
| 700 | 1 | _aخليل ابراهيم ابودياب | |
| 260 |
_aسوريا : _bدار القلم للنشر والتوزيع ، _c1987 |
||
| 300 |
_a571 ص ؛ _c24 سم |
||
| 490 | _a | ||
| 650 | 0 | 4 | _aالشعر العربى |
| 650 | 0 | 4 | _aالادب العربى |
| 650 | 0 | 4 | _aدواوين وقصائد |
| 650 | 0 | 4 | _aالتراجم |
| 942 |
_2ddc _cBK |
||
| 999 |
_c35473 _d35473 |
||